000 01067nam0a22002411 4500
001 rc\3901441
005 20260628211246.0
035 _a(NLR Aleph) 007906369
090 _a8069787
_c8069787
100 _a20130415b1955 |||y0rusy50 ca
101 0 _arus
102 _aRU
105 _ay z |||||
200 1 _aУченые записки...
_e№ 1-
_fБашкир. гос. пед. ин-т им. К.А. Тимирязева
_iСерия филологическая
210 _aУфа
_cБашкир. кн. изд-во
_d1955
710 0 2 _aБашкирский государственный педагогический институт им. К. А. Тимирязева
_cУфа
_3RU\NLR\AUTH\8810145270
_9784886
801 0 _aRU
_bNLR
_gpsbo
801 1 _aRU
_bELAR
_2rusmarc
830 _aПеречень имеющихся в библиотеке томов, номеров, годов этого издания смотри в каталоге периодических изданий
852 _aNLR
_jП28/563
942 _cBOOK
980 _aNB